000 00350 a2200169 4500
001 56778
020 _a8506008824
040 _cAnchieta - Pituba
100 _aStewart, Diana
240 1 0 _aA odisséia
_lpor
245 1 0 _aA odisséia
300 _a48
362 0 _a2002
440 1 _aMelhoramentos
650 4 _aLiteratura juvenil
942 _cBK
999 _c56778
_d56778